Millares (Record no. 93421)

MARC details
000 -LEADER
campo de control de longitud fija 01188nam a2200289 i 4500
001 - NÚMERO DE CONTROL
campo de control 93421
003 - IDENTIFICADOR DE NÚMERO DE CONTROL
campo de control ES-MaACL
005 - FECHA Y HORA DE LA ÚLTIMA TRANSACCIÓN
campo de control 20250904073103.0
007 - CAMPO FIJO DE DESCRIPCIÓN FÍSICA--INFORMACIÓN GENERAL
campo de control de longitud fija t|
008 - DATOS DE LONGITUD FIJA--INFORMACIÓN GENERAL
campo de control de longitud fija 050526s1963 sp ||||1| spa d
080 ## - NÚMERO DE LA CLASIFICACIÓN DECIMAL UNIVERSAL
Número de la Clasificación Decimal Universal 75 Millares, Manolo (083.82)
100 1# - ENTRADA PRINCIPAL--NOMBRE DE PERSONA
Nombre de persona Millares, Manolo.
9 (RLIN) 81173
245 10 - MENCIÓN DEL TÍTULO
Título Millares
Resto del título : [exposición, Sala de Santa Catalina del Ateneo de Madrid, 19 de febrero-13 de marzo de 1963] /
Mención de responsabilidad, etc. [Texto: José de Castro Arines].
260 ## - PUBLICACIÓN, DISTRIBUCIÓN, ETC.
Lugar de publicación, distribución, etc. [Madrid :
Nombre del editor, distribuidor, etc. s.n.,
Fecha de publicación, distribución, etc. 1963] (
Fabricante Imprenta Nacional del Boletín Oficial de Estado)
300 ## - DESCRIPCIÓN FÍSICA
Extensión [76] p. :
Otras características físicas principalmente il. n. ;
Dimensiones 21 cm.
490 1# - MENCIÓN DE SERIE
Mención de serie Cuadernos de arte. Colección ordinaria ;
Designación de volumen o secuencia 106
600 14 - PUNTO DE ACCESO ADICIONAL DE MATERIA--NOMBRE DE PERSONA
Nombre de persona Millares, Manolo-
Subdivisión de forma Exposiciones.
9 (RLIN) 81174
610 27 - PUNTO DE ACCESO ADICIONAL DE MATERIA--NOMBRE DE ENTIDAD CORPORATIVA
Nombre de entidad corporativa o nombre de jurisdicción como elemento de entrada Ateneo de Madrid-
Subdivisión de forma Exposiciones-
Subdivisión cronológica 1960-1969.
9 (RLIN) 1920
655 #7 - TERMINO DE INDIZACIÓN--GENERO/FORMA
Fuente del término tgfbne
9 (RLIN) 193628
Datos o término principal de género/forma Catálogos de exposiciones
700 1# - ENTRADA AGREGADA--NOMBRE PERSONAL
Nombre de persona Castro Arines, José de,
Fechas asociadas al nombre 1913-1997
9 (RLIN) 36907
710 2# - ENTRADA AGREGADA--NOMBRE DE ENTIDAD CORPORATIVA
Nombre de entidad corporativa o nombre de jurisdicción como elemento de entrada Ateneo de Madrid.
Unidad subordinada Sala de Santa Catalina.
9 (RLIN) 1964
830 0# - PUNTO DE ACCESO ADICIONAL DE SERIE-TÍTULO UNIFORME
Título uniforme Cuadernos de arte. Colección ordinaria
Designación de volumen o secuencia 106
9 (RLIN) 180064
852 ## - LOCALIZACIÓN
Ubicación ES-MaACL
Número de control de estantería 2193-F-8
itemnumber 96863
Sublocalización o colección R.136099
Ubicación en estantería Depósito folletos
852 ## - LOCALIZACIÓN
Ubicación ES-MaACL
Número de control de estantería G-13301(5).
942 ## - ELEMENTOS DE ENTRADA SECUNDARIOS (KOHA)
Fuente del sistema de clasificación o colocación Clasificación decimal universal
Tipo de ítem Koha Folleto
Holdings
Estatus retirado Estado de pérdida Fuente del sistema de clasificación o colocación Estado de daño No para préstamo Colección Biblioteca de origen Biblioteca actual Ubicación en estantería Fecha de adquisición Total de préstamos Signatura topográfica completa Código de barras Visto por última vez Precio de reemplazo Tipo de ítem Koha
    Clasificación decimal universal     Colección digital Biblioteca del Ateneo de Madrid Biblioteca del Ateneo de Madrid Sala Pecera Planta 3 17/01/2008   G-13301(5) 1097547 23/02/2023 23/02/2023 Folleto
    Clasificación decimal universal     Colección de folletos Biblioteca del Ateneo de Madrid Biblioteca del Ateneo de Madrid Depósito folletos 17/01/2008   2193-F-8 1097546 23/02/2023 23/02/2023 Folleto